TV Show Villains Slideshow Quiz Stats

 Plays Quiz Updated Jul 9, 2015

Challenge
Share
Tweet
Score 0/20 Timer 06:00
0 Plays Today
% Correct
The Simpsons (Sideshow Bob)
96.6%
Batman: The Animated Series (The Joker)
93.9%
Game Of Thrones (Ramsay Snow)
91.5%
Orange is the New Black (Yvonne 'Vee' Parker)
90.3%
SpongeBob SquarePants (Plankton)
83.1%
Seinfeld (Newman)
78.2%
House Of Cards (Frank Underwood)
78%
Dallas (J. R. Ewing)
73.9%
Sons of Anarchy (Clarence 'Clay' Morrow)
71.5%
The Walking Dead (The Governor)
59.7%
% Correct
Lost (Ben Linus)
58%
Breaking Bad (Gustavo 'Gus' Fring)
56.5%
Smallville (Lex Luthor)
49.9%
Once Upon A Time (Rumplestiltskin)
48.4%
Doctor Who (The Master)
42.1%
Dynasty (Alexis Carrington)
39.2%
Sherlock (Jim Moriarty)
38.1%
Star Trek (Borg)
37.7%
Dexter (Arthur Mitchell)
33.8%
Buffy The Vampire Slayer (Glory)
16.8%

You're not logged in!

Compare scores with friends on all Sporcle quizzes.
Join for Free
OR
Log In

You Might Also Like...

Show Comments

Extras

Top Quizzes Today


Score Distribution

Your Account Isn't Verified!

In order to create a playlist on Sporcle, you need to verify the email address you used during registration. Go to your Sporcle Settings to finish the process.

Report this User

Report this user for behavior that violates our Community Guidelines.

Details: